Normal view MARC view

Entry Personal Name

Number of records used in: 2

001 - CONTROL NUMBER

  • control field: 31573

003 - CONTROL NUMBER IDENTIFIER

  • control field: dpl

005 - DATE AND TIME OF LATEST TRANSACTION

  • control field: 20110805123441.0

008 - FIXED-LENGTH DATA ELEMENTS

  • fixed length control field: 110805|||a|||||| | ||| d

040 ## - CATALOGING SOURCE

  • Original cataloging agency: dpl
  • Transcribing agency: dpl

100 ## - HEADING--PERSONAL NAME

  • Personal name: Yadav, Laloo Prasad.

670 ## - SOURCE DATA FOUND

  • Source citation: Work cat.: (dpl)54733: Chaurasia, Manoj, 31571, Rabri Devi :, 2008.

670 ## - SOURCE DATA FOUND

  • Source citation: Work cat.: (dpl)54733: Chaurasia, Manoj, 31571, Rabri Devi :, 2008.

© Delhi Public Library
Hit Counter
free hit counter